Estatísticas para Membros da OTAN

Clique aqui para jogar o quiz

Estatísticas Gerais

  • Esse quiz foi jogado 77 vezes
  • A pontuação média é 24 de 30

Estatísticas das Respostas

Estados Membros% Correto
França
96%
Portugal
96%
Espanha
94%
Alemanha
93%
Países Baixos
91%
Polônia
91%
Bélgica
90%
Canadá
88%
Itália
88%
Reino Unido
88%
Estônia
85%
Grécia
85%
Dinamarca
84%
Letónia
84%
Eslovénia
82%
Lituânia
82%
Croácia
81%
Eslováquia
81%
Noruega
81%
Albânia
79%
Bulgária
79%
Hungria
78%
Islândia
75%
Romênia
75%
Turquia
73%
Luxemburgo
70%
República Checa
70%
Macedónia do Norte
66%
Montenegro
55%
United States of America
7%

Distribuição das Pontuações

Percentil de Números Respondidos

Porcentagem de Pessoas com Cada Pontuação

Sua Pontuação Histórica

Você não jogou esse quiz